Most Spoken Languages in Australia Over Time - Statistics

General Stats
  • This quiz has been taken 1,427 times
    679 since last reset
  • The average score is 9 of 13
Answer Stats
Percentage Total Language % Correct
1996 81.2% 13,498,094 English
100%
1996 0.5% 86,860 Spanish
91%
1996 0.5% 87,320 Mandarin
84%
1996 0.6% 96,651 German
82%
2011 0.5% 111,349 Hindi
82%
1996 1.0% 161,966 Arabic
78%
1996 2.2% 367,290 Italian
78%
1996 0.8% 134,011 Vietnamese
68%
1996 1.1% 190,104 Cantonese
64%
2001 0.4% 78,760 Tagalog
64%
1996 1.6% 259,019 Greek
63%
2021 0.9% 239,041 Punjabi
42%
1996 0.4% 68,126 Macedonian
8%
No matching quizzes found
Score Distribution
Percent of People with Each Score
Percentile by Number Answered
Your Score History
You have not taken this quiz since the last reset